000 00922nam a2200253Ia 4500
003 OSt
005 20220923220817.0
006 a|||||r|||| 00| 0
007 ta
008 220922b |||||||| |||| 00| 0 hin d
024 _a190,754
037 _cTextual
040 _aARTS
_cARTS
_bhin
041 _2hin
_ahin
082 _aR621x1,1, 152K4
100 _aकणदि
245 0 _aवैशेषिक-दर्शन* सरल हिन्दी व्याख्या सहित्, सम्पा श्रीराम शर्मा
246 _aVaisheṣhika-darshana: saral hindī vyākhyā sahit, sampā0 shrīrām sharmā
260 _aबरेली
_b संस्कृति संस्थान
_c1972
300 _a298पृ.
_ccm.
650 _aभारतीय दर्शन
942 _hR621x1,1, 152K4
_cTEXL
_2CC
999 _c343501
_d343501